[Event "37th Reykjavik op"]
[Site "Reykjavik ISL"]
[Date "2024.03.19"]
[Round "7.27"]
[White "Sivanandan, Bodhana"]
[Black "Fantinel, Thibault"]
[WhiteElo "2088"]
[BlackElo "2421"]
[Result "0-1"]
[EventDate "2024.03.15"]
[PlyCount "152"]

1. e4 {[%eval 13,0]} c5 {[%eval 33,0]} 2. Nc3 {[%eval 24,0]} Nc6 {[%eval 41,0]}
3. f4 $6 {[%eval 21,0] Inaccuracy. Nf3 was best.} (3. Nf3 e5 4. Bc4 Be7 5. d3
Nf6 6. Nd2 d6 7. Nf1 Bg4) 3... g6 {[%eval 0,0]} 4. Nf3 {[%eval 23,0]} Bg7 {
[%eval 11,0]} 5. a4 {[%eval 16,0]} b6 {[%eval 18,0]} 6. Bc4 {[%eval 25,0]} e6 {
[%eval 2,0]} 7. O-O {[%eval 49,0]} Nge7 {[%eval 4,0]} 8. d3 {[%eval 57,0]} d5 {
[%eval 37,0]} 9. Ba2 {[%eval 68,0]} O-O {[%eval 37,0]} 10. e5 {[%eval 36,0]}
Bb7 {[%eval 35,0]} 11. Ne2 {[%eval 37,0]} d4 $6 {[%eval 32,0] Inaccuracy. Nf5
was best.} (11... Nf5) 12. Ng3 {[%eval 21,0]} Nb4 {[%eval 2,0]} 13. Bc4 {
[%eval 32,0]} a6 {[%eval 28,0]} 14. Bd2 {[%eval 21,0]} Nbd5 {[%eval 34,0]} 15.
Ng5 {[%eval 1,0]} Qd7 {[%eval 28,0]} 16. N5e4 {[%eval 2,0]} Qc6 {[%eval 4,0]}
17. Qe2 {[%eval 41,0]} b5 {[%eval 49,0]} 18. Bxd5 {[%eval 28,0]} Nxd5 {[%eval
52,0]} 19. axb5 {[%eval 2,0]} axb5 {[%eval 15,0]} 20. Nd6 {[%eval 7,0]} Rxa1 {
[%eval 15,0]} 21. Rxa1 {[%eval 13,0]} Ra8 {[%eval 1,0]} 22. Rxa8+ {[%eval 11,0]
} Bxa8 {[%eval 6,0]} 23. Nde4 $6 {[%eval 65,0] Inaccuracy. Nge4 was best.} (23.
Nge4 Bf8 24. c4 dxc3 25. bxc3 f5 26. c4 bxc4 27. dxc4 fxe4 28. cxd5 Qxd5 29.
Be3 Be7) 23... Bf8 {[%eval 57,0]} 24. b3 {[%eval 72,0]} Be7 {[%eval 76,0]} 25.
Qf1 {[%eval 8,0]} Qa6 {[%eval 93,0]} 26. Qb1 {[%eval -96,0]} Kg7 {[%eval 98,0]}
27. h3 {[%eval -97,0]} b4 {[%eval 88,0]} 28. Qd1 {[%eval 78,0]} Bb7 {[%eval 51,
0]} 29. Kh2 {[%eval 53,0]} Qa2 $6 {[%eval 13,0] Inaccuracy. Kf8 was best.} (
29... Kf8) 30. Ng5 $6 {[%eval 69,0] Inaccuracy. Nd6 was best.} (30. Nd6) 30...
h6 {[%eval 58,0]} 31. N5e4 {[%eval 51,0]} Nc3 {[%eval 32,0]} 32. Bxc3 {[%eval
36,0]} bxc3 {[%eval 35,0]} 33. Ne2 $6 {[%eval -96,0] Inaccuracy. Nf6 was best.}
(33. Nf6) 33... Bd5 {[%eval 94,0]} 34. Kg1 $2 {[%eval -179,0] Mistake. N2g3
was best.} (34. N2g3 Qa3) 34... Qb2 $6 {[%eval -83,0] Inaccuracy. Qa8 was best.
} (34... Qa8 35. N2g3 h5 36. Nf6 Bxf6 37. exf6+ Kxf6 38. Qe1 Qb8 39. Ne2 Kg7
40. Qf2 Qb7 41. Kh2) 35. Kf2 {[%eval -83,0]} Kf8 {[%eval 93,0]} 36. Qc1 {
[%eval -81,0]} Ke8 {[%eval -83,0]} 37. Qd1 {[%eval -99,0]} Kd7 {[%eval -53,0]}
38. Nf6+ $6 {[%eval -174,0] Inaccuracy. Kg3 was best.} (38. Kg3 Kc6 39. Kh2 Kb5
40. Kg3 h5 41. Kf2 Bc6 42. g3 Ka5 43. Ng1 Kb4 44. Ne2 Ka3) 38... Bxf6 {[%eval
-199,0]} 39. exf6 {[%eval -8,0]} Kc6 {[%eval -186,0]} 40. g4 {[%eval -132,0]}
Kb5 {[%eval -109,0]} 41. h4 {[%eval -157,0]} Kb4 {[%eval -138,0]} 42. h5 {
[%eval -129,0]} gxh5 {[%eval -284,0]} 43. g5 {[%eval -219,0]} hxg5 {[%eval
-253,0]} 44. fxg5 {[%eval -223,0]} e5 {[%eval -293,0]} 45. Kg3 {[%eval -374,0]}
Qa2 $6 {[%eval -287,0] Inaccuracy. Ka3 was best.} (45... Ka3 46. Kh3 Ka2 47. g6
fxg6 48. Ng3 Qb1 49. Qe2 Be6+ 50. Kg2 Kb2 51. Qxe5 Qxc2+ 52. Ne2) 46. Kh4 {
[%eval -113,0]} Qa6 {[%eval -274,0]} 47. Ng3 {[%eval -257,0]} Qe6 {[%eval -387,
0]} 48. Nxh5 {[%eval -366,0]} Bc6 $6 {[%eval -278,0] Inaccuracy. Qf5 was best.}
(48... Qf5 49. Qa1 Bc6 50. Qa7 Bd7 51. Qb7+ Ka3 52. Qg2 Kb2 53. Ng7 Qf4+ 54.
Kh5 Qd2 55. Qg3) 49. Ng7 {[%eval -245,0]} Qd6 {[%eval -192,0]} 50. Nf5 {
[%eval -285,0]} Qd8 $4 {[%eval 0,0] Blunder. Qe6 was best.} (50... Qe6 51. Ne7
Bd7 52. Qf3 Ka3 53. Kh5 Qh3+ 54. Qxh3 Bxh3 55. Nc6 e4 56. dxe4 d3 57. cxd3) 51.
Qa1 $4 {[%eval -225,0] Blunder. Ne7 was best.} (51. Ne7 Qd6 52. Kh5 e4 53. Kh6
e3 54. Nxc6+ Qxc6 55. Kg7 Qg2 56. Qa1 Qxg5+ 57. Kxf7 Qd5+) 51... Qd7 $4 {
[%eval 0,0] Blunder. Qh8+ was best.} (51... Qh8+ 52. Nh6 e4 53. Qd1 e3 54. Qe1
Qe8 55. g6 fxg6 56. Kg5 Bd5 57. Ng4 e2 58. Nf2) 52. Ne7 {[%eval 0,0]} Bg2 {
[%eval 0,0]} 53. Kg3 {[%eval 0,0]} Bh3 $4 {[%eval 32764,0] Checkmate is now
unavoidable. Qh3+ was best.} (53... Qh3+ 54. Kf2 Kb5 55. Qa4+ Kb6 56. b4 Qh2
57. bxc5+ Kc7 58. Qa7+ Bb7+ 59. Kf1 Qh1+ 60. Ke2) 54. Qa4+ $4 {[%eval -144,0]
Lost forced checkmate sequence. Nd5+ was best.} (54. Nd5+ Qxd5 55. Qa4#) 54...
Qxa4 {[%eval -45,0]} 55. bxa4 {[%eval -133,0]} Be6 {[%eval -161,0]} 56. Nc6+ $6
{[%eval -299,0] Inaccuracy. a5 was best.} (56. a5 Kxa5) 56... Kxa4 {[%eval
-265,0]} 57. Nxe5 {[%eval -222,0]} Ka3 {[%eval -291,0]} 58. Nf3 $6 {[%eval
-499,0] Inaccuracy. g6 was best.} (58. g6 fxg6) 58... Kb2 {[%eval -319,0]} 59.
Ne1 {[%eval -493,0]} Kc1 {[%eval -491,0]} 60. Kf2 {[%eval -469,0]} Kd2 {
[%eval -301,0]} 61. Kf1 {[%eval -444,0]} Bf5 {[%eval -496,0]} 62. Kf2 {[%eval
-469,0]} Be6 {[%eval -472,0]} 63. Kf1 {[%eval -487,0]} Kd1 {[%eval -445,0]} 64.
Kf2 {[%eval -467,0]} c4 {[%eval -433,0]} 65. Kf1 {[%eval -576,0]} cxd3 {
[%eval -599,0]} 66. cxd3 $6 {[%eval -3384,0] Inaccuracy. Nxd3 was best.} (66.
Nxd3 Kxc2 67. Nf2 Kd2 68. Kg2 Ke2 69. g6 c2 70. Nh3 c1=Q 71. Ng1+ Ke3 72. gxf7
Bxf7) 66... c2 {[%eval -3493,0]} 67. Nxc2 {[%eval -3311,0]} Kxc2 {[%eval -3349,
0]} 68. Ke2 $6 {[%eval -32713,0] Checkmate is now unavoidable. Kf2 was best.} (
68. Kf2 Kxd3 69. Kf3 Bf5 70. Kf4 Be4 71. g6 Bxg6 72. Kf3 Be4+ 73. Kf4 Ba8 74.
Ke5 Ke3) 68... Bf5 {[%eval -3712,0]} 69. Kf3 {[%eval -32727,0]} Kxd3 $6 {
[%eval -6836,0] Lost forced checkmate sequence. Bxd3 was best.} (69... Bxd3 70.
Kg3 Bg6 71. Kf4 d3 72. Ke5 d2 73. Kd6 d1=Q+ 74. Ke7 Qg4 75. Ke8 Qxg5 76. Ke7)
70. Kf4 $6 {[%eval -32713,0] Checkmate is now unavoidable. Kf2 was best.} (70.
Kf2 Kd2) 70... Bg6 $6 {[%eval -4482,0] Lost forced checkmate sequence. Be4 was
best.} (70... Be4 71. Ke5 Ke3 72. Kd6 d3 73. Kc5 Bg6 74. Kc4 d2 75. Kc5 Kf4 76.
Kb5 d1=Q 77. Kc5) 71. Ke5 $6 {[%eval -32735,0] Checkmate is now unavoidable.
Kf3 was best.} (71. Kf3 Bh5+ 72. Kf4 Ke2 73. Ke4 d3 74. g6 Bxg6+ 75. Ke5 Ke3
76. Kd5 Kf4 77. Kd6 d2) 71... Ke3 {[%eval -32745,0]} 72. Kd6 {[%eval -32737,0]}
d3 {[%eval -32745,0]} 73. Ke7 {[%eval -32739,0]} d2 {[%eval -32747,0]} 74. Kf8
{[%eval -32753,0]} d1=Q {[%eval -32755,0]} 75. Kg7 {[%eval -32763,0]} Qd8 {
[%eval -32765,0]} 76. Kh6 Qh8# 0-1

[Event "37th Reykjavik op"]
[Site "Reykjavik ISL"]
[Date "2024.03.19"]
[Round "7.28"]
[White "Ptacnikova, Lenka"]
[Black "Katz, Alexander"]
[WhiteElo "2067"]
[BlackElo "2418"]
[Result "0-1"]
[EventDate "2024.03.15"]
[PlyCount "114"]

1. d4 {[%eval 15,0]} Nf6 {[%eval 16,0]} 2. Nc3 {[%eval 0,0]} d5 {[%eval 3,0]}
3. Bf4 {[%eval 0,0]} g6 {[%eval 0,0]} 4. e3 {[%eval 0,0]} Nh5 {[%eval 14,0]} 5.
Bg5 {[%eval 19,0]} c6 {[%eval 16,0]} 6. Be2 {[%eval 13,0]} h6 {[%eval 15,0]} 7.
Bh4 {[%eval 7,0]} Ng7 {[%eval 13,0]} 8. f3 {[%eval 17,0]} Qb6 {[%eval 13,0]} 9.
Na4 {[%eval 9,0]} Qa5+ {[%eval 2,0]} 10. c3 {[%eval 52,0]} e5 {[%eval 44,0]}
11. b4 {[%eval 49,0]} Qc7 {[%eval 4,0]} 12. Nc5 {[%eval 91,0]} b6 {[%eval 48,0]
} 13. Nd3 {[%eval 32,0]} e4 {[%eval 0,0]} 14. fxe4 {[%eval 0,0]} dxe4 {[%eval
0,0]} 15. Nf2 {[%eval 0,0]} f5 {[%eval 26,0]} 16. Bg3 {[%eval 15,0]} Bd6 {
[%eval 22,0]} 17. Bxd6 {[%eval 33,0]} Qxd6 {[%eval 49,0]} 18. Bc4 {[%eval 51,0]
} Na6 {[%eval 54,0]} 19. Bb3 {[%eval 51,0]} Nc7 {[%eval 41,0]} 20. Ne2 {
[%eval 42,0]} a5 {[%eval 14,0]} 21. bxa5 {[%eval 2,0]} Rxa5 {[%eval 15,0]} 22.
O-O {[%eval 11,0]} Be6 {[%eval 2,0]} 23. Nf4 {[%eval 19,0]} Bxb3 {[%eval 23,0]}
24. Qxb3 {[%eval 44,0]} g5 $6 {[%eval 100,0] Inaccuracy. Nd5 was best.} (24...
Nd5 25. Nxd5) 25. Ne2 {[%eval 51,0]} Nd5 {[%eval 58,0]} 26. a4 {[%eval 53,0]}
Nxe3 {[%eval 78,0]} 27. Rfb1 $6 {[%eval 26,0] Inaccuracy. Qxb6 was best.} (27.
Qxb6 Qd5 28. c4 Nxc4 29. Qb4 Ne3 30. Rfc1 Qd8 31. Rxc6 Nd5 32. Qa3 Kf7 33. g4
Re8) 27... Qd5 {[%eval 31,0]} 28. Qxb6 $2 {[%eval -52,0] Mistake. c4 was best.}
(28. c4) 28... O-O {[%eval -51,0]} 29. Qc7 {[%eval -51,0]} Ne6 {[%eval -95,0]}
30. Qe7 {[%eval -99,0]} Rf7 {[%eval -99,0]} 31. Qe8+ {[%eval -99,0]} Nf8 {
[%eval -91,0]} 32. Rb6 {[%eval -81,0]} Nc4 $2 {[%eval 43,0] Mistake. Nxg2 was
best.} (32... Nxg2 33. c4) 33. Rxc6 {[%eval 52,0]} Nd6 {[%eval 45,0]} 34. Qd8
$4 {[%eval -51,0] Blunder. c4 was best.} (34. c4) 34... Rxa4 {[%eval -63,0]}
35. Rxa4 {[%eval -75,0]} Qxc6 {[%eval -71,0]} 36. Ra8 {[%eval -83,0]} Nb7 {
[%eval 89,0]} 37. Qc8 $2 {[%eval -143,0] Mistake. Qe8 was best.} (37. Qe8)
37... Qb5 {[%eval -153,0]} 38. Ng3 {[%eval -125,0]} e3 {[%eval -122,0]} 39. Qe6
{[%eval -132,0]} Qb1+ {[%eval -137,0]} 40. Nf1 {[%eval -155,0]} exf2+ {[%eval
-158,0]} 41. Kxf2 {[%eval -148,0]} f4 $6 {[%eval -24,0] Inaccuracy. Kg7 was
best.} (41... Kg7) 42. Qxh6 {[%eval -22,0]} Qf5 {[%eval -29,0]} 43. Qc6 $2 {
[%eval -297,0] Mistake. Nd2 was best.} (43. Nd2 Rf6 44. Qh5 Nd6 45. h3 Nf7 46.
Kg1 Qd3 47. Nf3 Qxc3 48. h4 Rh6 49. Qg4 Qe3+) 43... g4 {[%eval -147,0]} 44. Qc8
$6 {[%eval -254,0] Inaccuracy. Nd2 was best.} (44. Nd2 Qd3 45. Rxf8+ Kxf8 46.
Qc8+ Kg7 47. Qxg4+ Qg6 48. Kf3 Qxg4+ 49. Kxg4 Nd6 50. c4 f3) 44... Qg6 {
[%eval -259,0]} 45. h3 {[%eval -286,0]} g3+ {[%eval -278,0]} 46. Kg1 {[%eval
-279,0]} Nd6 {[%eval -291,0]} 47. Qc6 {[%eval -239,0]} Qc2 {[%eval -252,0]} 48.
Qf3 {[%eval -294,0]} Qe4 {[%eval -254,0]} 49. Qxe4 {[%eval -242,0]} Nxe4 {
[%eval -252,0]} 50. c4 {[%eval -249,0]} Rd7 {[%eval -223,0]} 51. d5 {[%eval
-226,0]} Rc7 {[%eval -229,0]} 52. c5 {[%eval -393,0]} Rxc5 {[%eval -226,0]} 53.
Ra4 {[%eval -356,0]} Nc3 {[%eval -353,0]} 54. Ra1 {[%eval -377,0]} Rxd5 {
[%eval -393,0]} 55. Kh1 {[%eval -493,0]} Ne6 {[%eval -305,0]} 56. Nh2 {[%eval
-321,0]} gxh2 {[%eval -396,0]} 57. Kxh2 {[%eval -336,0]} Rd2 {[%eval -356,0]}
0-1

[Event "37th Reykjavik op"]
[Site "Reykjavik ISL"]
[Date "2024.03.19"]
[Round "7.29"]
[White "Halldorsson, Bragi"]
[Black "Garifullina, Leya"]
[WhiteElo "2056"]
[BlackElo "2413"]
[Result "0-1"]
[EventDate "2024.03.15"]
[PlyCount "58"]

1. d4 {[%eval 15,0]} Nf6 {[%eval 16,0]} 2. c4 {[%eval 16,0]} e6 {[%eval 21,0]}
3. Nf3 {[%eval 0,0]} d5 {[%eval 12,0]} 4. Nc3 {[%eval 0,0]} Bb4 {[%eval 18,0]}
5. cxd5 {[%eval 14,0]} exd5 {[%eval 0,0]} 6. Bg5 {[%eval 15,0]} h6 {[%eval 25,
0]} 7. Bh4 {[%eval 17,0]} O-O {[%eval 9,0]} 8. e3 {[%eval 17,0]} Bf5 {[%eval
28,0]} 9. Bd3 {[%eval 1,0]} Bxd3 {[%eval 0,0]} 10. Qxd3 {[%eval 1,0]} c6 {
[%eval 8,0]} 11. O-O {[%eval 12,0]} Nbd7 {[%eval 11,0]} 12. Ne5 {[%eval 13,0]}
Qe8 {[%eval 8,0]} 13. Nxd7 {[%eval 11,0]} Nxd7 {[%eval 4,0]} 14. f3 {[%eval 14,
0]} f5 {[%eval 2,0]} 15. a3 {[%eval 12,0]} Bd6 {[%eval 16,0]} 16. e4 $6 {
[%eval -79,0] Inaccuracy. Ne2 was best.} (16. Ne2 Nb6 17. b3 Qe6 18. Nf4 Qf7
19. Bg3 a5 20. a4 Rfe8 21. Rab1 Nc8 22. Nh3 g5) 16... Qh5 {[%eval -79,0]} 17.
Bg3 {[%eval -82,0]} Bxg3 {[%eval -66,0]} 18. hxg3 {[%eval -76,0]} fxe4 {
[%eval -76,0]} 19. fxe4 {[%eval -81,0]} Nf6 {[%eval -75,0]} 20. Rf5 {[%eval
-61,0]} dxe4 {[%eval -72,0]} 21. Qc4+ $6 {[%eval -91,0] Inaccuracy. Qxe4 was
best.} (21. Qxe4 Nxe4 22. Rxh5 Nxg3 23. Rh3 Nf5 24. d5 cxd5 25. Nxd5 Rae8 26.
Rf3 Re5 27. Rd1 Rf7) 21... Qf7 {[%eval -16,0]} 22. Qc5 $6 {[%eval -113,0]
Inaccuracy. d5 was best.} (22. d5 Rfe8 23. Raf1 e3 24. g4 Rad8 25. g5 hxg5 26.
Rxg5 cxd5 27. Qd3 Rd6 28. Nb5 Rde6) 22... Qg6 {[%eval -129,0]} 23. Ne2 {
[%eval -291,0]} Nd5 {[%eval -287,0]} 24. Rxf8+ $6 {[%eval -374,0] Inaccuracy.
Rff1 was best.} (24. Rff1 Ne3) 24... Rxf8 {[%eval -391,0]} 25. Rf1 {[%eval
-319,0]} Rxf1+ {[%eval -323,0]} 26. Kxf1 {[%eval -393,0]} e3 {[%eval -335,0]}
27. Kg1 {[%eval -329,0]} Qd3 {[%eval -327,0]} 28. Nf4 {[%eval -498,0]} Nxf4 {
[%eval -303,0]} 29. gxf4 {[%eval -301,0]} Qb1+ {[%eval -318,0]} 0-1

[Event "37th Reykjavik op"]
[Site "Reykjavik ISL"]
[Date "2024.03.19"]
[Round "7.30"]
[White "Jin, Yueheng"]
[Black "Harish, Neeraj"]
[WhiteElo "2404"]
[BlackElo "2090"]
[Result "1/2-1/2"]
[EventDate "2024.03.15"]
[PlyCount "89"]

1. d4 {[%eval 15,0]} Nf6 {[%eval 16,0]} 2. c4 {[%eval 16,0]} g6 {[%eval 37,0]}
3. g3 {[%eval 11,0]} Bg7 {[%eval 55,0]} 4. Bg2 {[%eval 4,0]} d5 {[%eval 75,0]}
5. cxd5 {[%eval 46,0]} Nxd5 {[%eval 57,0]} 6. e4 {[%eval 47,0]} Nb6 {[%eval 64,
0]} 7. Ne2 {[%eval 41,0]} c5 {[%eval 53,0]} 8. d5 {[%eval 37,0]} O-O {[%eval
35,0]} 9. O-O {[%eval 41,0]} e6 {[%eval 39,0]} 10. Nec3 {[%eval 42,0]} Na6 {
[%eval 51,0]} 11. Bf4 {[%eval 4,0]} exd5 {[%eval 36,0]} 12. exd5 {[%eval 49,0]}
h5 {[%eval 41,0]} 13. h4 {[%eval 6,0]} Bg4 {[%eval 5,0]} 14. Qc1 $6 {[%eval 67,
0] Inaccuracy. Qb3 was best.} (14. Qb3) 14... Nb4 {[%eval 61,0]} 15. Bg5 {
[%eval 75,0]} Qd7 {[%eval 82,0]} 16. Nd2 {[%eval 69,0]} N6xd5 {[%eval 22,0]}
17. Nxd5 {[%eval 17,0]} Nxd5 {[%eval 15,0]} 18. Qxc5 {[%eval 26,0]} Nc7 {
[%eval 17,0]} 19. Ne4 {[%eval 23,0]} Ne6 {[%eval 16,0]} 20. Qb4 {[%eval 24,0]}
Nxg5 {[%eval 22,0]} 21. hxg5 {[%eval 6,0]} Qf5 $6 {[%eval 1,0] Inaccuracy. a5
was best.} (21... a5 22. Qb3 Rad8 23. Nf6+ Bxf6 24. gxf6 Qd4 25. Qxb7 Rd6 26.
Bf3 Bxf3 27. Qxf3 Qxb2 28. Rfb1) 22. Qxb7 {[%eval 12,0]} Rab8 {[%eval 4,0]} 23.
Qxa7 {[%eval 1,0]} Rxb2 {[%eval 19,0]} 24. a4 {[%eval 0,0]} h4 {[%eval 1,0]}
25. gxh4 {[%eval 4,0]} Bh3 {[%eval 4,0]} 26. Ng3 {[%eval 0,0]} Qg4 {[%eval 0,0]
} 27. Ra3 {[%eval 4,0]} Bxg2 {[%eval 3,0]} 28. Kxg2 {[%eval 0,0]} Qxh4 {
[%eval 11,0]} 29. Qe3 {[%eval 7,0]} Rb4 {[%eval 2,0]} 30. a5 {[%eval 18,0]} Ra4
{[%eval 17,0]} 31. a6 {[%eval 2,0]} Ra8 {[%eval 11,0]} 32. Rb1 {[%eval 2,0]}
Bf8 {[%eval 36,0]} 33. Rxa4 {[%eval 15,0]} Qxa4 {[%eval 34,0]} 34. Ne4 {
[%eval 19,0]} Bg7 $6 {[%eval 116,0] Inaccuracy. Rxa6 was best.} (34... Rxa6)
35. Qf3 $2 {[%eval 1,0] Mistake. Rb6 was best.} (35. Rb6 Re8 36. Nc5 Qg4+ 37.
Qg3 Qxg3+ 38. Kxg3 Bd4 39. Rb5 Ra8 40. Nb3 Bxf2+ 41. Kxf2 Rxa6) 35... Qxa6 {
[%eval 0,0]} 36. Rb7 {[%eval 0,0]} Rf8 {[%eval 0,0]} 37. Nf6+ {[%eval 6,0]}
Bxf6 {[%eval 8,0]} 38. gxf6 {[%eval 3,0]} Qa5 {[%eval 7,0]} 39. Rb3 {[%eval 3,
0]} Qg5+ {[%eval 5,0]} 40. Kh2 {[%eval 4,0]} Qe5+ {[%eval 3,0]} 41. Kg2 {
[%eval 3,0]} Qg5+ {[%eval 3,0]} 42. Kh2 {[%eval 1,0]} Rd8 {[%eval 0,0]} 43. Qc6
{[%eval 0,0]} Qh4+ {[%eval 0,0]} 44. Kg2 Qg5+ 45. Kh2 1/2-1/2

[Event "37th Reykjavik op"]
[Site "Reykjavik ISL"]
[Date "2024.03.19"]
[Round "7.31"]
[White "Tania, Sachdev"]
[Black "Fossheim, Yngve"]
[WhiteElo "2393"]
[BlackElo "2090"]
[Result "1/2-1/2"]
[EventDate "2024.03.15"]
[PlyCount "110"]

1. d4 {[%eval 15,0]} Nf6 {[%eval 16,0]} 2. c4 {[%eval 16,0]} g6 {[%eval 37,0]}
3. Nc3 {[%eval 31,0]} Bg7 {[%eval 7,0]} 4. e4 {[%eval 67,0]} d6 {[%eval 58,0]}
5. Bd3 {[%eval 51,0]} e5 {[%eval 73,0]} 6. d5 {[%eval 65,0]} a5 {[%eval 61,0]}
7. Nge2 {[%eval 76,0]} O-O {[%eval 58,0]} 8. O-O {[%eval 53,0]} Na6 {[%eval 63,
0]} 9. h3 {[%eval 1,0]} Nh5 {[%eval 6,0]} 10. g4 {[%eval 0,0]} Nf4 $6 {[%eval
105,0] Inaccuracy. Qh4 was best.} (10... Qh4 11. gxh5 Bxh3 12. f3 Bxf1 13. Qxf1
Nb4 14. Bb1 Qxh5 15. a3 Bh6 16. Bxh6 Qxh6 17. Qc1) 11. Nxf4 {[%eval 103,0]}
exf4 {[%eval 97,0]} 12. Bxf4 {[%eval 91,0]} f5 {[%eval 100,0]} 13. exf5 {
[%eval 94,0]} gxf5 {[%eval 131,0]} 14. g5 {[%eval 132,0]} Nc5 {[%eval 141,0]}
15. h4 {[%eval 135,0]} Ne4 {[%eval 157,0]} 16. Rc1 {[%eval 165,0]} Nxc3 {
[%eval 206,0]} 17. bxc3 {[%eval 216,0]} Bd7 {[%eval 256,0]} 18. Qf3 $6 {
[%eval 185,0] Inaccuracy. c5 was best.} (18. c5 dxc5 19. Rb1 b6 20. Qf3 Qe8 21.
Bxc7 c4 22. Bc2 b5 23. Bd6 b4 24. Bxf8 Qxf8) 18... Qe8 $6 {[%eval 289,0]
Inaccuracy. b6 was best.} (18... b6 19. Rfe1 Rf7 20. Re6 Qf8 21. h5 Re8 22. c5
bxc5 23. h6 Bh8 24. Bc4 Rfe7 25. Rb1) 19. c5 {[%eval 273,0]} dxc5 {[%eval 276,
0]} 20. Bxc7 {[%eval 278,0]} Qg6 {[%eval 207,0]} 21. Bf4 {[%eval 244,0]} b5 {
[%eval 259,0]} 22. Rfe1 {[%eval 284,0]} Rfe8 {[%eval 268,0]} 23. h5 {[%eval
279,0]} Qf7 {[%eval 257,0]} 24. Bd6 {[%eval 194,0]} c4 {[%eval 196,0]} 25. Bf1
{[%eval 145,0]} h6 $6 {[%eval 233,0] Inaccuracy. Rxe1 was best.} (25... Rxe1)
26. g6 {[%eval 238,0]} Qf6 {[%eval 236,0]} 27. Qf4 {[%eval 242,0]} Rac8 {
[%eval 255,0]} 28. Bc7 $6 {[%eval 161,0] Inaccuracy. Bg2 was best.} (28. Bg2
Kh8) 28... Re4 {[%eval 156,0]} 29. Rxe4 {[%eval 131,0]} fxe4 {[%eval 132,0]}
30. Qxf6 {[%eval 121,0]} Bxf6 {[%eval 123,0]} 31. d6 {[%eval 85,0]} Re8 {
[%eval 81,0]} 32. Bxa5 {[%eval 78,0]} e3 $6 {[%eval 104,0] Inaccuracy. Re5 was
best.} (32... Re5 33. Bg2 Rg5 34. Kf1 e3 35. fxe3 Rxh5 36. Bb6 Rg5 37. Be4 Rg4
38. Bd5+ Kg7 39. Rc2) 33. Rc2 $2 {[%eval 16,0] Mistake. fxe3 was best.} (33.
fxe3 Re5 34. Bb6 Rxh5 35. a4 Rg5+ 36. Kf2 Rf5+ 37. Ke2 bxa4 38. e4 Rg5 39. Bd4
Rxg6) 33... Re5 {[%eval 26,0]} 34. fxe3 {[%eval 13,0]} Rxh5 {[%eval 12,0]} 35.
a4 {[%eval 0,0]} bxa4 {[%eval 0,0]} 36. Bxc4+ {[%eval 3,0]} Kg7 {[%eval 0,0]}
37. Bb4 {[%eval 2,0]} Kxg6 {[%eval 3,0]} 38. Rg2+ {[%eval 4,0]} Kf5 {[%eval 58,
0]} 39. Bd3+ $6 {[%eval 0,0] Inaccuracy. Bd5 was best.} (39. Bd5 Rg5 40. e4+
Kf4 41. c4 Bd4+ 42. Kh1 Rh5+ 43. Rh2 Rg5 44. Rxh6 Bg4 45. Bd2+ Kg3) 39... Ke5 {
[%eval 0,0]} 40. c4 {[%eval 0,0]} Bg5 {[%eval 0,0]} 41. Kf2 {[%eval 0,0]} Rh3 {
[%eval 0,0]} 42. Bc5 {[%eval 0,0]} Bc6 {[%eval 0,0]} 43. Rg4 {[%eval 0,0]} a3 {
[%eval 0,0]} 44. d7 {[%eval 8,0]} Bxd7 {[%eval 0,0]} 45. Re4+ {[%eval 0,0]} Kf6
{[%eval 0,0]} 46. Kg2 {[%eval 0,0]} a2 {[%eval 0,0]} 47. Bd4+ {[%eval 0,0]} Kf7
{[%eval 0,0]} 48. c5 {[%eval 0,0]} Rxe3 {[%eval 0,0]} 49. Bc4+ {[%eval 0,0]}
Kg6 {[%eval 0,0]} 50. Rxe3 {[%eval 0,0]} Bxe3 {[%eval 0,0]} 51. Bc3 {[%eval 0,
0]} Bxc5 {[%eval 0,0]} 52. Bxa2 {[%eval 0,0]} Bf5 {[%eval 0,0]} 53. Bd5 {
[%eval 0,0]} Bd6 {[%eval 1,0]} 54. Kh1 Bf4 55. Ba8 Kg5 1/2-1/2